Analýza plnenia cieľov Európa 2020 na Slovensku bakalárska práca

Guardado en:
Detalles Bibliográficos
Autor principal: Pavlovčíková, Iveta
Autor Corporativo: Fakulta medzinárodných vzťahov EU. Katedra medzinárodných ekonomických vzťahov a hospodárskej diplomacie
Otros Autores: Cséfalvayová, Katarína
Formato: Libro
Lenguaje:eslovaco
Publicado: Bratislava 2015
Etiquetas: Agregar Etiqueta
Sin Etiquetas, Sea el primero en etiquetar este registro!

MARC

LEADER 00000nbm a2200000 4500
001 0202661
005 20161212100306.1
041 0 |a slo 
044 |a SK 
245 1 0 |a Analýza plnenia cieľov Európa 2020 na Slovensku  |b bakalárska práca  |c Iveta Pavlovčíková ; školiteľ: Katarína Cséfalvayová 
264 1 |a Bratislava  |c 2015 
300 |a 45 s. 
100 1 |a Pavlovčíková, Iveta 
700 1 |a Cséfalvayová, Katarína 
710 2 |a Fakulta medzinárodných vzťahov EU. Katedra medzinárodných ekonomických vzťahov a hospodárskej diplomacie